[Event "AUTO-ELITE-2273"]
[Site "http://www.queenalice.com/game.php?id=1629235"]
[Date "2020.10.7"]
[Round "1"]
[White "Donidon"]
[Black "plexus"]
[Result "1/2-1/2"]
[WhiteElo "2370"]
[BlackElo "2649"]

1. e4 e5 2. Nf3 Nf6 3. Nxe5 d6 4. Nf3 Nxe4 5. d4 d5 6. Bd3 Be7 7. O-O O-O 8. c4
Nf6 9. Nc3 Nc6 10. h3 Nb4 11. c5 Nxd3 12. Qxd3 b6 13. Ne5 Re8 14. Nc6 Qd7 15.
Nxe7+ Qxe7 16. Bg5 c6 17. Rae1 Qxe1 18. Rxe1 Rxe1+ 19. Kh2 Re6 20. Ne2 Ne4 21.
Be3 b5 22. f3 Nf6 23. Nf4 Re7 24. Qd2 a5 25. Ne2 Bxh3 26. Bg5 Bf5 27. Nf4 Bg6
28. Qf2 Ree8 29. Bxf6 gxf6 30. Qh4 Kg7 31. Qg4 Kg8 32. Qd7 Rac8 33. b3 a4 34.
bxa4 bxa4 35. a3 Kf8 36. Qa7 Ra8 37. Qb7 Rac8 38. Qa6 Rc7 39. Qxa4 Rb8 40. Qa5
Rbb7 41. Qa8+ Ke7 42. Nh3 Ra7 43. Qb8 Rab7 44. Qg8 Rb2 45. Qg7 Ra2 46. Qh6 Rxa3
47. Nf2 f5 48. Nh3 Ra8 49. Qf4 Kd7 50. Qd6+ Kc8 51. Nf4 Ra5 52. Qe5 Kb8 53. Kh3
Ra6 54. Kh4 Kb7 55. Kg5 Ra3 56. Qe2 Ra7 57. Qe3 Kc8 58. Qe8+ Kb7 59. Kf6 Rc8 60.
Qe1 Kc7 61. Nd3 Kb8 62. Ne5 Ka8 63. Kg5 Re8 64. Qb1 Rb8 65. Qh1 Rc8 66. Qb1 Rb8
67. Qh1 Rc8 68. f4 Rb7 69. g4 fxg4 70. f5 f6+ 71. Kxf6 Rf8+ 72. Kg5 Rxf5+ 73.
Kxg4 Rf6 74. Qa1+ Ra7 75. Qb2 Rg7 76. Kg5 Rf5+ 77. Kh4 Rh5+ 78. Kg4 Rh1 79. Kg5
Be8+ 80. Kf6 Rb7 81. Qa3+ Ra7 82. Qb4 Rf1+ 83. Ke6 Bf7+ 84. Nxf7 Rfxf7 85. Qb6
Rfe7+ 86. Kd6 Red7+ 87. Ke5 Rdc7 88. Kd6 h5 89. Qb3 Rd7+ 90. Ke5 Rh7 91. Qb6
Rac7 92. Qa6+ Kb8 93. Qb6+ Kc8 94. Qa5 Kd7 95. Qa8 Re7+ 96. Kf5 Re8 97. Qa3 h4
98. Qh3 Re4 99. Qa3 Rxd4 100. Qe3 Re4 101. Qh6 Re8 102. Qxh4 Rf8+ 103. Ke5 Re8+
104. Kf5 Kc8 105. Qa4 Kd8 106. Qa8+ Kd7 1/2-1/2

[Event "AUTO-ELITE-2287"]
[Site "http://www.queenalice.com/game.php?id=1634845"]
[Date "2020.11.30"]
[Round "1"]
[White "RaulSoft"]
[Black "plexus"]
[Result "0-1"]
[WhiteElo "2669"]
[BlackElo "2640"]

1. d4 Nf6 2. c4 g6 3. Nc3 d5 4. cxd5 Nxd5 5. e4 Nxc3 6. bxc3 Bg7 7. Nf3 c5 8.
Rb1 O-O 9. Be2 b6 10. O-O Qc7 11. Bg5 Bb7 12. d5 Bxc3 13. Qc1 Bg7 14. h4 e6 15.
Rd1 exd5 16. exd5 Qd6 17. Qf4 Qxf4 18. Bxf4 Rd8 19. h5 Ba6 20. Bxa6 Nxa6 21. h6
Bf6 22. a4 Nb4 23. d6 Nc6 24. Bh2 Rd7 25. a5 Nxa5 26. Be5 Bd8 27. Re1 f6 28. Bc3
Kf7 29. Bxa5 bxa5 30. Nd2 Bb6 31. Nc4 Re8 32. f4 Rxe1+ 33. Rxe1 Bd8 34. g4 Rb7
35. Kf2 a4 36. f5 gxf5 37. gxf5 Rb4 38. Re4 Kf8 39. Kf3 a3 40. Nxa3 Rb3+ 41. Re3
Rxe3+ 42. Kxe3 Ba5 43. Ke4 Ke8 44. Kd5 Kd7 45. Kxc5 Be1 46. Kd5 Bg3 47. Nb5 a5
48. Nc3 Bxd6 49. Ne4 Be5 50. Nc5+ Ke7 51. Kc4 Bf4 52. Ne4 Bxh6 53. Kb5 Bf4 54.
Kxa5 h5 55. Kb4 h4 56. Kc4 Bb8 57. Kd3 h3 58. Nf2 h2 59. Nh1 Kd6 60. Ke4 Kc5 61.
Kf3 Kd4 62. Nf2 Ke5 63. Kg4 Ba7 64. Nh1 Be3 65. Kf3 Bg5 66. Kg2 Bh4 67. Kh3 Be1
68. Kg4 Ke4 69. Kh3 Kxf5 70. Kxh2 Ke4 71. Kg2 Ke3 72. Kf1 Bh4 73. Kg2 f5 74. Kh3
Be1 75. Kg2 Ke2 76. Kh3 f4 77. Kg2 f3+ 78. Kh3 Kf1 79. Kh2 Bf2 80. Kh3 Kg1 81.
Kg4 Kg2 82. Kf4 Be1 83. Kg4 Bd2 84. Kh4 Bb4 85. Kg4 Bd6 86. Kf5 Kxh1 87. Ke6 Ba3
0-1

[Event "AUTO-ELITE-2287"]
[Site "http://www.queenalice.com/game.php?id=1634846"]
[Date "2020.11.30"]
[Round "1"]
[White "plexus"]
[Black "RaulSoft"]
[Result "1/2-1/2"]
[WhiteElo "2640"]
[BlackElo "2653"]

1. e4 e6 2. d4 d5 3. e5 c5 4. dxc5 Nc6 5. Nf3 Bxc5 6. Bd3 f6 7. Qe2 fxe5 8. Nxe5
Nxe5 9. Qxe5 Nf6 10. O-O O-O 11. Nc3 Bd6 12. Qe2 a6 13. f4 Bc5+ 14. Kh1 Qc7 15.
Bd2 Bd7 16. Rae1 Rae8 17. a3 Bd6 18. Qf2 Rf7 19. Qg3 g6 20. Qh4 Be7 21. Qf2 Ref8
22. Qe2 Bd6 23. Nd1 Re8 24. Bc3 Bxf4 25. g3 Bg5 26. Be5 Qd8 27. h4 Bh6 28. Nf2
Bc6 29. Kh2 Bg7 30. Nh3 Ne4 31. Bxg7 Rxf1 32. Rxf1 Kxg7 33. Bxe4 dxe4 34. Ng5 h6
35. Nxe4 Rf8 36. Rxf8 Qxf8 37. Nf2 Qf5 38. Nd3 Kf6 39. g4 Qd5 40. Qf2+ Ke7 41.
Kg3 g5 42. hxg5 hxg5 43. Qc5+ Qxc5 44. Nxc5 Kd6 45. b4 Kd5 46. Kf2 b6 47. Nxa6
Bd7 48. Kf3 Kd4 49. Nc7 e5 50. a4 e4+ 51. Kf2 e3+ 52. Ke1 Bxa4 53. Ne6+ Ke5 54.
Nxg5 Bxc2 55. Ke2 Kf4 56. Ne6+ Ke4 57. Ng5+ Kf4 58. Ne6+ Ke4 59. Ng5+ Kf4 60.
Ne6+ 1/2-1/2

[Event "AUTO-ELITE-2287"]
[Site "http://www.queenalice.com/game.php?id=1634851"]
[Date "2020.11.30"]
[Round "1"]
[White "plexus"]
[Black "Bruscato"]
[Result "1-0"]
[WhiteElo "2643"]
[BlackElo "2316"]

1. g4 c5 2. Bg2 Nc6 3. c4 e5 4. d3 d6 5. g5 Bf5 6. Nc3 h6 7. h4 Be7 8. Nf3 h5 9.
Nd2 f6 10. Qa4 fxg5 11. hxg5 Bd7 12. f4 exf4 13. Nde4 Nd4 14. Qd1 Bxg5 15. Nxd6+
1-0

[Event "AUTO-ELITE-2287"]
[Site "http://www.queenalice.com/game.php?id=1634852"]
[Date "2020.11.30"]
[Round "1"]
[White "Bruscato"]
[Black "plexus"]
[Result "0-1"]
[WhiteElo "2314"]
[BlackElo "2644"]

1. e4 d5 2. exd5 Nf6 3. d4 Nxd5 4. c4 Nb6 5. Nc3 g6 6. Be3 Bg7 7. Rc1 O-O 8. Nf3
Nc6 9. Be2 Bg4 10. b3 Bxf3 11. Bxf3 Bxd4 12. Qe2 e5 13. Bxc6 bxc6 14. O-O c5 15.
Rfd1 Qf6 0-1

[Event "AUTO-ELITE-2273"]
[Site "http://www.queenalice.com/game.php?id=1644216"]
[Date "2021.2.19"]
[Round "2"]
[White "Sexxy_Bunny"]
[Black "plexus"]
[Result "1/2-1/2"]
[WhiteElo "2711"]
[BlackElo "2645"]

1. e4 e5 2. Nf3 Nc6 3. Bb5 a6 4. Ba4 Nf6 5. O-O Be7 6. Re1 b5 7. Bb3 d6 8. c3
O-O 9. h3 Re8 10. d4 Bb7 11. Nbd2 Bf8 12. d5 Nb8 13. Nf1 Nbd7 14. N3h2 Nc5 15.
Bc2 c6 16. b4 Ncd7 17. dxc6 Bxc6 18. Bg5 Qc8 19. Bxf6 Nxf6 20. Ng4 Nxg4 21. hxg4
a5 22. Ne3 Qd7 23. Qf3 axb4 24. cxb4 Qb7 25. a3 g6 26. Red1 Rec8 27. Ra2 Ra6 28.
Nd5 Bh6 29. Bb3 Bg5 30. g3 Kg7 31. Kg2 h6 32. Qe2 Bd8 33. Nc3 Be8 34. Qf3 Qc6
35. Nd5 Qb7 36. Rda1 Bc6 37. Nc3 Qc7 38. Qe2 Qb6 39. Rd2 Bd7 40. Qf3 Be6 41.
Bxe6 fxe6 42. Qd3 Rc4 43. Raa2 Qb7 44. a4 Rd4 45. Qxb5 Rxb4 46. Qe2 Be7 47. Rdb2
Ra5 48. Qc2 Rxb2 49. Rxb2 Qc6 50. Rb5 Ra7 51. Qd3 Bd8 52. Rb4 Rf7 53. Rc4 Qb6
54. Qc2 Qa5 55. Qd3 Qb6 56. Qc2 Qa5 57. Qd3 Qb6 58. Qc2 1/2-1/2

[Event "AUTO-ELITE-2273"]
[Site "http://www.queenalice.com/game.php?id=1644217"]
[Date "2021.2.19"]
[Round "2"]
[White "plexus"]
[Black "Sexxy_Bunny"]
[Result "1/2-1/2"]
[WhiteElo "2646"]
[BlackElo "2710"]

1. d4 Nf6 2. c4 e6 3. Nf3 d5 4. Nc3 c6 5. e3 Nbd7 6. Bd3 dxc4 7. Bxc4 b5 8. Bd3
Bb7 9. O-O a6 10. e4 c5 11. d5 Qc7 12. dxe6 fxe6 13. Bc2 c4 14. Nd4 Nc5 15. Be3
e5 16. Nf5 Ncxe4 17. Nxe4 Nxe4 18. Re1 g6 19. Bxe4 Bxe4 20. Nh6 Qd7 21. Qxd7+
Kxd7 22. Nf7 Bb4 23. Red1+ Ke7 24. Nxh8 Rxh8 25. Bd2 Bd6 26. Re1 Bd3 27. Bc3 Kf6
28. f4 Kf5 29. Bxe5 Bc5+ 30. Kh1 Re8 31. Bc3 Rxe1+ 32. Rxe1 Be4 33. a3 h5 34. h3
Bf2 35. Rf1 Bg3 36. Bd2 Bd3 37. Rf3 h4 38. Kg1 Be4 39. Rf1 Bd3 40. Ra1 Bc2 41.
Rf1 Bd3 42. Ra1 Ke4 43. Bc3 Ke3 44. a4 Bf2+ 45. Kh1 Ke2 46. axb5 axb5 47. Ra8
Bg3 48. Re8+ Kf1 49. Bd2 Bc2 50. Re6 Bf5 51. Re7 Bc8 52. Bb4 Bxf4 53. Re1+ Kf2
54. Re7 Bf5 55. Be1+ Kf1 56. Bxh4 Bd2 57. Bf6 b4 58. h4 b3 59. Rc7 Bd3 60. g3
Ke2 61. Bg7 Ba5 62. Rc8 Kf3 63. Be5 Be1 64. Kh2 Bb4 65. Rb8 Be1 66. Rc8 Bb4 67.
Rc7 Bd2 68. Rc8 Be1 1/2-1/2

[Event "AUTO-ELITE-2322"]
[Site "http://www.queenalice.com/game.php?id=1648146"]
[Date "2021.3.30"]
[Round "1"]
[White "Rhavstur"]
[Black "plexus"]
[Result "0-1"]
[WhiteElo "2572"]
[BlackElo "2642"]

1. Nf3 d5 2. g3 c5 3. Bg2 Nf6 4. d3 Nc6 5. O-O e6 6. Nbd2 Be7 7. e4 O-O 8. Re1
b5 9. e5 Nd7 10. Nf1 a5 11. Bf4 a4 12. h4 a3 13. b3 b4 14. N1h2 Bb7 15. Rc1 Re8
16. c4 bxc3 17. Rxc3 Nb4 18. Qe2 d4 19. Rcc1 Nb6 20. Ng5 Bxg2 21. Kxg2 Bxg5 22.
Bxg5 Qc8 23. Ng4 Qa6 24. Rcd1 Qb7+ 25. f3 N6d5 26. h5 h6 27. Bf4 Reb8 28. Qd2
Kf8 29. Rc1 Qb5 0-1

[Event "AUTO-ELITE-2322"]
[Site "http://www.queenalice.com/game.php?id=1648147"]
[Date "2021.3.30"]
[Round "1"]
[White "plexus"]
[Black "Rhavstur"]
[Result "1-0"]
[WhiteElo "2649"]
[BlackElo "2460"]

1. e4 c6 2. d4 d5 3. Nc3 dxe4 4. Nxe4 Nf6 5. Nxf6+ exf6 6. c3 Bd6 7. Bd3 O-O 8.
Ne2 Re8 9. O-O Nd7 10. Bf4 Nf8 11. Qd2 Bg4 12. Rfe1 Bxe2 13. Bxe2 Ne6 14. Bxd6
Qxd6 15. Rad1 Rad8 16. h4 g6 17. Bf3 Kg7 18. Re2 f5 19. g3 f4 20. Kg2 fxg3 21.
fxg3 Re7 22. Rde1 h5 23. Re5 Rde8 24. Qe3 f6 25. Re4 Kf7 26. Kf2 Ng7 27. Rxe7+
Qxe7 28. Qxe7+ Rxe7 29. Rxe7+ Kxe7 30. b4 Nf5 31. Be4 Ke6 32. c4 Ne7 33. a4 Kd7
34. Bc2 1-0

[Event "AUTO-ELITE-2322"]
[Site "http://www.queenalice.com/game.php?id=1648152"]
[Date "2021.3.30"]
[Round "1"]
[White "plexus"]
[Black "trompmaster"]
[Result "1-0"]
[WhiteElo "2650"]
[BlackElo "2419"]

1. c4 Nf6 2. g3 g6 3. Bg2 Bg7 4. d4 d5 5. cxd5 Nxd5 6. Nf3 Nc6 7. e4 Nb6 8. d5
Na5 9. Qc2 c6 10. Bd2 Nac4 11. Bc3 f6 12. dxc6 bxc6 13. b3 Nd6 14. e5 Nf7 15.
exf6 Bxf6 16. Bxf6 exf6 17. Qxc6+ Kf8 18. O-O Kg7 19. Nc3 Bd7 20. Qc5 Rc8 21.
Qb4 Qf8 22. Qxf8+ Rhxf8 23. Rac1 Rfd8 24. Nd4 Bg4 25. Nc6 Rd3 26. Ne4 Rd7 27. h3
Be2 28. Rfe1 Bb5 29. Nc5 Bxc6 30. Bxc6 Rd2 31. Bb7 Rb8 32. a4 Ne5 33. Bg2 Nbd7
34. Ne4 Rd4 35. Rc7 a6 36. Re3 Kh6 37. f4 Nd3 38. Bf1 Nb4 39. Nf2 f5 40. Re7 Nf8
41. Bc4 Rbd8 42. Rf7 Nc2 43. Bxa6 Ne3 44. a5 g5 45. Rf6+ Ng6 46. Rxf5 Rd1+ 47.
Kh2 R1d7 48. fxg5+ Kg7 49. Rfc5 Rf7 50. Rxf7+ Kxf7 51. Ne4 Rd1 52. Be2 Ra1 53.
a6 Ke6 54. b4 Ne7 55. Ra5 Rxa5 56. bxa5 Nc6 57. Bf3 Na7 58. h4 Kf7 59. Nf6 Kg7
60. Kh3 Nc4 61. Be4 Nxa5 62. h5 N5c6 63. Nxh7 Nb4 64. h6+ Kh8 65. Nf6 1-0

[Event "AUTO-ELITE-2322"]
[Site "http://www.queenalice.com/game.php?id=1648153"]
[Date "2021.3.30"]
[Round "1"]
[White "trompmaster"]
[Black "plexus"]
[Result "0-1"]
[WhiteElo "2420"]
[BlackElo "2647"]

1. d3 e5 2. Nf3 Nc6 3. c3 d5 4. Nbd2 Nf6 5. e4 Be7 6. Be2 a5 7. a4 O-O 8. Qc2 h6
9. h3 Be6 10. Nf1 d4 11. g4 Nd7 12. g5 hxg5 13. Rg1 f6 14. Rg3 Kh8 15. N1h2 Nc5
16. c4 f5 17. exf5 Bxf5 18. Nxg5 Nb4 19. Qd1 Qd6 20. Ra3 e4 21. Bf1 Bxg5 22.
Bxg5 Rae8 23. Qh5+ Bh7 24. Kd1 exd3 25. Nf3 Qe6 26. Bd2 Qe2+ 0-1

[Event "AUTO-ELITE-2287"]
[Site "http://www.queenalice.com/game.php?id=1650071"]
[Date "2021.4.18"]
[Round "2"]
[White "Cuxtal"]
[Black "plexus"]
[Result "1-0"]
[WhiteElo "2773"]
[BlackElo "2647"]

1. e4 c5 2. Nf3 d6 3. d4 cxd4 4. Nxd4 Nf6 5. Nc3 a6 6. Be3 Ng4 7. Bc1 Nf6 8. Bg5
e6 9. Qf3 Nbd7 10. Be2 Qc7 11. a4 b6 12. O-O Bb7 13. Qg3 h6 14. Be3 e5 15. Nb3
Nxe4 16. Nxe4 Bxe4 17. a5 b5 18. Nd2 Bb7 19. c4 b4 20. Ra4 Rb8 21. Rxb4 Qxa5 22.
Rb3 Qc7 23. f4 Bc6 24. Rxb8+ Qxb8 25. fxe5 dxe5 26. c5 g6 27. Bd3 Bxc5 28. Bxc5
Nxc5 29. Bxg6 Qd6 30. Nc4 Qd4+ 31. Ne3 Ke7 32. Rxf7+ Kd8 33. h4 Be8 34. Ra7 Bc6
35. Kh2 Rf8 36. Nf5 Qd2 37. Ne3 Qd4 38. Nf5 Qd2 39. Bh7 Nd7 40. Ne3 Qf2 41. Rxa6
Kc7 42. Ra7+ Kb6 43. Ra3 Qf4 44. Rc3 h5 45. Rc4 Qxg3+ 46. Kxg3 Nf6 47. Bf5 Kb5
48. Bd3 Kb6 49. Be2 Kc7 50. Rc1 Kd6 51. Rf1 Ne4+ 52. Kh2 Rxf1 53. Bxf1 Nf6 54.
b4 Be8 55. Bd3 Bf7 56. Kg3 Kc6 57. Kf2 Bb3 58. Ke1 Bf7 59. Kd2 Bg8 60. Kc2 Be6
61. Be2 Kd6 62. Bf3 Bf7 63. Kc3 Be8 64. Nf5+ Kc7 65. Kc4 Bf7+ 66. Kc5 Nd7+ 67.
Kb5 Bg6 68. Ng3 Nf6 69. Be2 Be8+ 70. Ka5 e4 71. b5 e3 72. b6+ Kb8 73. Bf3 Bg6
74. Kb4 Nd7 75. Kc4 Nxb6+ 76. Kd4 Kc7 77. Kxe3 Kd7 78. Kf4 Ke7 79. Kg5 Bc2 80.
Bxh5 Nd5 81. Bg4 Kf7 82. Bf5 Bd1 83. Bg6+ Kg8 84. Nf5 Ba4 85. g4 Bd7 86. Nd6 Ne3
87. Bf5 Ba4 88. Kf6 Bd1 89. Be6+ Kh7 90. g5 Bh5 91. Bf7 Ng4+ 92. Ke7 Bxf7 93.
Kxf7 Ne5+ 94. Kf6 Ng4+ 95. Kf5 Ne3+ 96. Ke4 Nf1 97. Kf4 Kg6 98. Ne4 Kh5 99. Ng3+
Nxg3 100. Kxg3 1-0

[Event "AUTO-ELITE-2287"]
[Site "http://www.queenalice.com/game.php?id=1650072"]
[Date "2021.4.18"]
[Round "2"]
[White "plexus"]
[Black "Cuxtal"]
[Result "0-1"]
[WhiteElo "2653"]
[BlackElo "2775"]

1. d4 Nf6 2. c4 e6 3. Nf3 d5 4. Nc3 c5 5. cxd5 exd5 6. g3 c4 7. Bg2 Be7 8. O-O
Nc6 9. b3 cxb3 10. Qxb3 O-O 11. Bf4 Na5 12. Qb1 a6 13. Qd3 b5 14. Rfc1 Bb7 15.
Ne5 Rc8 16. Bh3 Rc4 17. Qd1 Ba3 18. Nxc4 dxc4 19. Rc2 Nd5 20. Bc1 Nxc3 21. Rxc3
Bc5 22. Be3 Qd5 23. f3 Rd8 24. Bf2 Nc6 25. e3 Bb6 26. Rb1 Ne5 27. e4 Qd6 28. d5
Bxf2+ 29. Kxf2 b4 30. Rc2 a5 31. Kg2 c3 32. Qd4 Ba6 33. Rd1 Nc4 34. Re1 h6 35.
Kg1 Ne5 36. Bg2 Bd3 37. Rf2 Bb5 38. Bf1 Qf6 39. Qa7 Bxf1 40. Rexf1 Rc8 41. Rc2
Nc4 42. Kh1 Kf8 43. Rcc1 Qe7 44. Qd4 Qc5 45. Rfd1 Qxd4 46. Rxd4 Ke7 47. Kg2 Kd6
48. f4 Kc5 49. Rd3 Rd8 50. Kf3 a4 51. g4 g5 52. h3 Na3 53. Ke3 Nb5 54. f5 Kc4
55. Ra1 f6 56. Rdd1 Rd7 57. Re1 Nd4 58. Rec1 Rd8 59. e5 fxe5 60. f6 Rf8 61. Ke4
Rxf6 62. Kxe5 Rf8 63. Rd1 Re8+ 64. Kf6 Kxd5 65. Kf7 Rb8 66. Rac1 Kc4 67. Ra1
Rb7+ 68. Kg6 Rb6+ 69. Kg7 c2 70. Rd2 Kc3 0-1

[Event "AUTO-ELITE-2369"]
[Site "http://www.queenalice.com/game.php?id=1772128"]
[Date "2021.10.12"]
[Round "1"]
[White "Donidon"]
[Black "plexus"]
[Result "0-1"]
[WhiteElo "2353"]
[BlackElo "2643"]

1. e4 Nc6 2. d4 d5 3. e5 Bf5 4. c3 e6 5. f4 Nge7 6. Nf3 f6 7. Be3 Qd7 8. Bd3
O-O-O 9. O-O Bxd3 10. Qxd3 Nf5 11. Bf2 Nce7 12. a4 h5 13. Na3 Ng6 14. Qd2 Bxa3
15. Rxa3 h4 16. b4 h3 17. g3 Kb8 18. Qe2 Nh6 19. Ne1 f5 20. Nd3 Nf8 21. b5 Ng4
22. Rb1 g5 23. a5 Nxf2 24. Qxf2 gxf4 25. Nxf4 Qe7 26. Rab3 Rg8 27. Nd3 Rc8 28.
Nb4 Qd7 29. b6 cxb6 30. axb6 a6 31. Ra1 f4 32. Qxf4 Qh7 33. Qf1 Qe4 34. Re1 Qg2+
35. Qxg2 hxg2 36. Kxg2 Nd7 0-1

[Event "AUTO-ELITE-2369"]
[Site "http://www.queenalice.com/game.php?id=1772129"]
[Date "2021.10.12"]
[Round "1"]
[White "plexus"]
[Black "Donidon"]
[Result "1-0"]
[WhiteElo "2653"]
[BlackElo "2337"]

1. b3 Nf6 2. Bb2 d5 3. Nf3 c5 4. e3 Nc6 5. Bb5 Bd7 6. O-O g6 7. Nc3 a6 8. Bxc6
Bxc6 9. d4 c4 10. bxc4 Bg7 11. Ne5 O-O 12. Rb1 Qc7 13. Nxc6 bxc6 14. Qd3 Ng4 15.
g3 e5 16. cxd5 exd4 17. exd4 cxd5 18. Nxd5 Qd8 19. c4 Re8 20. Ba3 Nh6 21. Rfe1
Rxe1+ 22. Rxe1 Nf5 23. Re4 Kh8 24. g4 Nd6 25. Re7 Kg8 26. Qf3 Kh8 27. Bxd6 Qxd6
28. Qxf7 Rg8 29. c5 1-0

[Event "AUTO-ELITE-2369"]
[Site "http://www.queenalice.com/game.php?id=1772136"]
[Date "2021.10.12"]
[Round "1"]
[White "plexus"]
[Black "Sexxy_Bunny"]
[Result "0-1"]
[WhiteElo "2649"]
[BlackElo "2768"]

1. d4 Nf6 2. Nf3 d5 3. c4 e6 4. Nc3 c6 5. b3 Bb4 6. Bd2 O-O 7. e3 a6 8. Bd3 Nbd7
9. O-O Bd6 10. e4 dxc4 11. bxc4 e5 12. c5 Bc7 13. h3 Nxc5 14. dxc5 Qxd3 15. Re1
Be6 16. Qc1 Rab8 17. Bg5 Nd7 18. Qa3 a5 19. Rab1 h6 20. Be7 Rfe8 21. Bd6 Bxd6
22. cxd6 Qa6 23. Na4 Qa7 24. Nb2 b5 25. Nd3 f6 26. Nh4 b4 27. Qa4 c5 28. Nf5 Qa6
29. Red1 Qb5 30. Qc2 c4 31. Nc1 Nc5 32. Ne7+ Kh7 33. Nd5 Red8 34. Nc7 Qc6 35.
Rd5 Bf7 36. Qxc4 Bxd5 37. Nxd5 Rxd6 38. Nb3 Nxb3 39. Qxb3 f5 40. Qb2 fxe4 41.
Ne3 Rd4 42. Nf5 Qd7 43. Ne3 a4 44. Rf1 Kh8 45. Re1 a3 46. Qa1 Rd2 47. Qxe5 Re8
48. Qc5 b3 49. Qxa3 bxa2 50. Qb4 Qd3 51. Rf1 Qe2 52. Kh2 Rb2 53. Qa4 Reb8 54.
Ra1 Qxf2 55. Qxe4 Qf6 56. Rd1 Rb1 57. Ng4 Qb6 58. Rd2 a1=Q 59. Rf2 Rh1+ 60. Kg3
Qd6+ 61. Kh4 Qd8+ 62. Kg3 Qg5 0-1

[Event "AUTO-ELITE-2369"]
[Site "http://www.queenalice.com/game.php?id=1772137"]
[Date "2021.10.12"]
[Round "1"]
[White "Sexxy_Bunny"]
[Black "plexus"]
[Result "1-0"]
[WhiteElo "2761"]
[BlackElo "2655"]

1. e4 d6 2. d4 Nf6 3. Nc3 g6 4. f4 Bg7 5. Nf3 O-O 6. Bd3 Na6 7. O-O c5 8. d5 Bg4
9. Bc4 Nc7 10. h3 Bxf3 11. Qxf3 Nd7 12. a4 a6 13. Qd3 Nb6 14. b3 Ne8 15. Rb1 Rb8
16. Bd2 Nf6 17. Be1 Re8 18. Rd1 Qc7 19. Kh1 Nh5 20. Rf3 Nxc4 21. bxc4 Rbd8 22.
Rb1 b6 23. Bh4 Rc8 24. g4 Nf6 25. Qe3 Nd7 26. e5 dxe5 27. f5 Bf6 28. Bg3 Rf8 29.
Ne4 Rce8 30. g5 Bh8 31. f6 Qd8 32. Bh4 a5 33. Rf2 Qc8 34. Re1 Qa6 35. Qd3 Qc8
36. Rb1 Qd8 37. Rg2 Qa8 38. Rf1 Qb8 39. Be1 Qd8 40. Bd2 Qb8 41. h4 b5 42. axb5
a4 43. h5 exf6 44. gxf6 Nxf6 45. Rxf6 Bg7 46. Qh3 Qc8 47. Qxc8 Rxc8 48. h6 Bh8
49. Rg3 Bxf6 50. Nxf6+ Kh8 51. Ra3 Ra8 52. Bc3 e4 53. Kg2 Ra7 54. d6 Rb7 55.
Nd7+ Kg8 56. Nf6+ Kh8 57. Rxa4 e3 58. Nd7+ Kg8 59. Nxf8 e2 60. Ra8 f6 61. Ne6+
Kf7 62. Nd8+ 1-0

[Event "AUTO-ELITE-2385"]
[Site "http://www.queenalice.com/game.php?id=1778388"]
[Date "2021.12.27"]
[Round "1"]
[White "CCapivara"]
[Black "plexus"]
[Result "1-0"]
[WhiteElo "2252"]
[BlackElo "2630"]

1. e4 e5 2. Nf3 Nc6 3. Bb5 a6 4. Bxc6 dxc6 5. O-O f6 6. c3 c5 7. d4 cxd4 8. cxd4
exd4 9. Nxd4 Bd6 10. Nc3 Ne7 11. Qb3 Bxh2+ 12. Kxh2 Qxd4 13. Bf4 Qb6 14. Qc2 Be6
15. e5 1-0

[Event "AUTO-ELITE-2385"]
[Site "http://www.queenalice.com/game.php?id=1778389"]
[Date "2021.12.27"]
[Round "1"]
[White "plexus"]
[Black "CCapivara"]
[Result "0-1"]
[WhiteElo "2645"]
[BlackElo "2229"]

1. e4 d6 2. d4 Nf6 3. Bd3 e5 4. c3 Be7 5. Nf3 Bg4 6. h3 Bxf3 7. Qxf3 Nc6 8. d5
Nb8 9. O-O O-O 10. Be3 Nbd7 11. Nd2 c6 12. Rfe1 cxd5 13. exd5 a6 14. c4 Rc8 15.
Rac1 Nc5 0-1

[Event "AUTO-ELITE-2385"]
[Site "http://www.queenalice.com/game.php?id=1778392"]
[Date "2021.12.27"]
[Round "1"]
[White "Sexxy_Bunny"]
[Black "plexus"]
[Result "1-0"]
[WhiteElo "2805"]
[BlackElo "2615"]

1. e4 c6 2. d4 d5 3. e5 Bf5 4. Nf3 e6 5. Be2 c5 6. Be3 Qb6 7. Nc3 Nc6 8. O-O
Qxb2 9. Qe1 c4 10. Rb1 Qa3 11. Nb5 Qa4 12. Nc7+ 1-0

[Event "AUTO-ELITE-2385"]
[Site "http://www.queenalice.com/game.php?id=1778393"]
[Date "2021.12.27"]
[Round "1"]
[White "plexus"]
[Black "Sexxy_Bunny"]
[Result "0-1"]
[WhiteElo "2611"]
[BlackElo "2809"]

1. d4 Nf6 2. c4 e6 3. Nc3 Bb4 4. Nf3 d5 5. Qa4+ Nc6 6. e3 O-O 7. Qc2 dxc4 8.
Bxc4 Bd6 9. O-O e5 10. h3 a6 11. a3 h6 12. Re1 Bd7 0-1